000 00338nam a2200121 i 4500
001 bg
245 0 _aZałożenia ochrony i kształtowania środowiska oraz problemy rozwoju funkcji turystyczno-wypoczynkowych.
260 _aKoszalin,
_c1983.
040 _cBPK
041 _apol
942 _cKS
008 s pl f |000 0 pol
999 _c29454
_d29454
856 _uhttp://koha.tu.koszalin.pl/cgi-bin/koha/opac-detail.pl?biblionumber=29454
_yKatalog online BPK